Geology and geochemical survey of a molybdenum deposit : near Nogal Peak, Lincoln County, New Mexico /

Bibliographic Details
Main Author: Griswold, George B.
Other Authors: Missaghi, Fazlollah
Format: Book
Language:English
Published: Socorro : State Bureau of Mines and Mineral Resources, New Mexico Institute of Mining and Technology, 1964.
Series:Circular (New Mexico. Bureau of Mines and Mineral Resources) ; 67.
Subjects:

MARC

Tag First Indicator Second Indicator Subfields
LEADER 00000cam a2200000 4500
001 in00000096826
005 20150925090441.0
008 781016s1964 nmua 00010 eng u
010 |a gs 64000290  
035 |a (OCoLC)04296539 
035 |9 AAL2539AM 
040 |c TXU  |d TXA  |d UtOrBLW 
049 |a TXAM  |c [435410] 
090 |a TN24.N6  |b A235 no. 67 
100 1 |a Griswold, George B. 
245 1 0 |a Geology and geochemical survey of a molybdenum deposit :  |b near Nogal Peak, Lincoln County, New Mexico /  |c by George B. Griswold and Fazlollah Missaghi. 
264 1 |a Socorro :  |b State Bureau of Mines and Mineral Resources, New Mexico Institute of Mining and Technology,  |c 1964. 
300 |a iv, 24 pages :  |b maps (2 color) diagrams, table ;  |c 28 cm. 
336 |a text  |b txt  |2 rdacontent 
337 |a unmediated  |b n  |2 rdamedia 
338 |a volume  |b nc  |2 rdacarrier 
490 1 |a New Mexico. Bureau of Mines and Mineral Resources. Circular ;  |v 67 
500 |a Part of illustrative matter folded in pocket. 
504 |a Bibliography: page 24. 
650 0 |a Molybdenum ores  |z New Mexico  |z Lincoln County. 
650 0 |a Geology  |z New Mexico  |z Lincoln County. 
650 0 |a Geochemical prospecting. 
700 1 |a Missaghi, Fazlollah. 
740 0 |a Molybdenum deposit near Nogal Peak, Lincoln County, New Mexico. 
830 0 |a Circular (New Mexico. Bureau of Mines and Mineral Resources) ;  |v 67. 
999 |a MARS 
999 f f |s 05023274-71c0-35d4-8830-d774fe6c4568  |i c0b2e05c-b7ae-3bd0-90ad-e2e8668947f8  |t 0 
952 f f |p ric  |a Texas A&M University  |b Rellis Campus  |c Joint Library Facility  |d Remote Storage  |t 0  |e TN24.N6 A235 no.67  |h Library of Congress classification  |i unmediated -- volume  |m A14805566943 
998 f f |a TN24.N6 A235 no.67  |t 0  |l Remote Storage